000 00607nam a2200205Ia 4500
001 3276
003 GE_BSU
008 181216s||||||||xx |||||||||||||| ||und||
040 _cGE_BSU
080 _a621.643.002(075.8)
100 _aБородавкин,П.П. Березин,В.Л.
245 _aСооружение магистральних трубопроводов.
245 _bУчебник.
260 _aМ.
260 _bНедра.
260 _c1977.
300 _a407стр.26см.
653 _aСооружение магистральних трубопроводов.
942 _cBK
999 _c37317
_d37317